000
00221 a2200097 4500
001
27105
100
_a
Gruber edward
245
_a
2300 steps to word power
260
_a
_b
Arco publishing Co
_c
1977
090
_c
18111
_d
18111
942
_a
NUST-CAE
_c
M
_c
9016
999
_c
262178
_d
262178